000 00562nam a2200193Ia 4500
005 20250508163512.0
008 008 250505s9999 xx 000 0 eng d
037 _aDissertations
040 _aFEDL
_beng
_cFEDL
041 _aeng
_2eng
084 _a370.1, AHU/DI
_qFEDL
100 _aAhuja Jyoti
_9775353
245 0 _aEducation and legitimation the ideas of Jurgen Habermas
260 _c1993
300 _axxxvii,718p.
546 _aM.Phil Dissertation, (Delhi University)
942 _cDIS
_h370.1, AHU/DI
999 _c1383726
_d1383726